|
|
|
|
| LEADER |
00000nab a2200000 a 4500 |
| 001 |
vtls000860631 |
| 003 |
SK-MaSNL |
| 005 |
20260319075435.0 |
| 008 |
160405c2003 xo 0 hun |
| 015 |
|
|
|a SNBRB2004/01-02676
|
| 035 |
|
|
|a CLN000212237
|
| 040 |
|
|
|a SNKBUCL
|b slo
|c SNKBUCL
|e AACR2
|
| 041 |
0 |
|
|a hun
|
| 044 |
|
|
|a xo
|c SK
|
| 080 |
|
|
|a 37:070(437.6)(=511.141)
|2 1997
|
| 080 |
|
|
|a 070.486(437.6)(=511.141):37
|2 1997
|
| 100 |
0 |
|
|a (ervé)
|4 aut
|9 840391
|
| 245 |
1 |
0 |
|a Immár a századik
|b megjelent a Katedra decemberi száma
|c [szerző] (ervé)
|
| 300 |
|
|
|b Fotogr.
|
| 630 |
0 |
7 |
|a Katedra (časopis)
|y 2003
|x č. 4
|x prehľady
|2 snkbucl
|9 874736
|
| 655 |
|
7 |
|a články z novín a časopisov
|2 snkbucl
|9 267496
|
| 773 |
0 |
|
|t Új szó
|g Roč. 56, č. 293 (22.12.2003), s. 7
|
| 850 |
|
|
|a Slovenská národná knižnica v Martine
|
| 852 |
|
|
|a SNK
|b KIS3GCP
|
| 958 |
|
|
|a HU
|
| 958 |
|
|
|a SK
|
| 958 |
|
|
|a RBX
|
| 999 |
|
|
|c 1394607
|d 1396537
|